| 000 | 00452nam a22001451a 4500 | ||
|---|---|---|---|
| 082 |
_aM301 _bRAM/V |
||
| 100 |
_aRaman Nair Vettoor _966771 |
||
| 245 |
_aTheranjedutha kathakal (v.2): _bVettor Raman Nair/ _cby Raman Nair Vettoor |
||
| 260 |
_aKottayam: _bSahitya Pravartaka Co-operative Society, _c1982. |
||
| 300 | _a360p. | ||
| 650 |
_aStories Malayalam _966772 |
||
| 650 |
_aLiterature Malayalam _966773 |
||
| 650 |
_aLiterature _966774 |
||
| 942 | _cBK | ||
| 999 |
_c46841 _d46841 |
||